Paroles SCH - OTTO - Statistiques

Statistiques générales
  • Ce quiz a été pris 333 fois
  • Le résultat moyen est 251 sur 494
Statistiques - réponses
Paroles % Correct
a
97%
à
97%
E
96%
l'
95%
de
94%
pas
93%
le
92%
Premier mot du Refrain Le
92%
R
88%
la
87%
87%
on
87%
On
87%
un
87%
je
86%
je
86%
pute
83%
mon
82%
va
82%
des
81%
en
81%
fils
81%
les
81%
que
79%
tu
79%
ai
78%
par
78%
trou
76%
ces
74%
Otto
74%
j'ai
73%
m'a
71%
ma
71%
tire
71%
tueurs
71%
c'est
70%
grandi
70%
il
70%
putos
70%
radis
70%
rater
69%
Rue
69%
J'connais
68%
tranquillité
68%
adorables
67%
daron
67%
d'en
67%
ennemi
67%
mort
67%
Paradis
67%
qui
66%
n'aimait
65%
j'avais
64%
te
64%
passe
63%
respect
63%
s'appelait
63%
sur
63%
trouves
63%
au
62%
me
62%
ne
62%
qu'tu
62%
banc
60%
pour
59%
anorak
58%
comme
58%
dans
58%
l'humilité
58%
nous
58%
une
58%
et
57%
ou
57%
dépasse
56%
du
56%
moi
56%
apprends
55%
quatre
54%
anneaux
53%
j'en
52%
si
52%
piano
51%
son
51%
plus
50%
bas
48%
cul
48%
m'en
48%
crosse
47%
oh
47%
y'a
47%
est
45%
même
45%
ramé
45%
avant
44%
J'passe
44%
j'vis
44%
suis
44%
ça
43%
n'a
43%
passage
43%
saucisson
43%
encore
42%
tout
42%
déclassé
41%
gosse
41%
ton
40%
douze
40%
j'viens
40%
ligoter
40%
photos
40%
porté
40%
potos
40%
six
40%
ton
40%
Cobra
38%
jugé
38%
levé
38%
perdu
38%
ciel
37%
donc
37%
bitchs
36%
sun
36%
t'as
36%
choix
35%
Cosa
35%
mère
35%
n'dromais
35%
Nostra
35%
sais
35%
toi
35%
vie
35%
aux
34%
bras
34%
ni
34%
bien
33%
cramer
33%
famille
33%
fuck
33%
qu'elle
33%
assistant
32%
ici
32%
témoignent
32%
avec
31%
balle
31%
phares
31%
pierres
31%
précieuses
31%
qu'on
31%
syndic
31%
années
30%
assises
30%
pote
30%
pris
30%
quinze
30%
l'Antéchrist
29%
l'OD
29%
manos
29%
reuf
29%
sans
29%
s'arrose
29%
yeux
29%
arrête
28%
déjà
28%
maudits
28%
ont
28%
s'est
28%
dessins
27%
flic
27%
j'suis
27%
sépare
27%
Bic
26%
black
26%
fait
26%
gang
26%
Prado
26%
salies
26%
temps
26%
veut
26%
ville
26%
38
25%
j'me
25%
j'tourne
25%
ouais
25%
presse
25%
rrain-té
25%
s'agrandit
25%
Aldi
24%
cœur
24%
écrit
24%
éteints
24%
mes
24%
mille
24%
moisson
24%
n'arrête
24%
Nicolas
24%
prend
24%
Saint
24%
aussi
23%
compose
23%
j'reprends
23%
ferais
23%
l'encaisse
23%
perso
23%
sous
23%
vise
23%
demain
22%
j'la
22%
quitterai
22%
voir
22%
faire
21%
gravit
21%
haine
21%
j'sais
21%
l'incendi
21%
pare-balles
21%
rappelle
21%
tes
21%
t'es
21%
façons
20%
glace
20%
ils
20%
personne
20%
prométhazine
20%
promis
20%
seule
20%
table
20%
10000
19%
aura
19%
client
19%
déteint
19%
eux
19%
gens
19%
m'envient
19%
mourir
19%
n'dormais
19%
putes
19%
qu'ils
19%
t'éteint
19%
trique
19%
vas
19%
éteins
18%
films
18%
hargneux
18%
innocents
18%
jolies
18%
s'éclaire
18%
d’âme
17%
digéré
17%
fout
17%
j'aime
17%
putains
17%
racines
17%
r'gards
16%
hier
16%
samedi
16%
sort
16%
coffres
15%
dessus
15%
jeunes
15%
lequel
15%
nid
15%
ouvrent
15%
trip
15%
vendredi
15%
acquis
14%
d'un
14%
épargner
14%
hazi
14%
j'oublierai
14%
kheys
14%
paire
14%
vole
14%
armés
13%
d'oiseaux
13%
génération
13%
n'aimait
13%
j'sort
12%
Zelda
12%
Stuttgart
11%
All star
10%
délires
10%
fourreau
10%
Bonne chance mdr Häagen-Dazs
10%
leurs
10%
mieux
10%
poster
10%
Shootstar
10%
stard-co
10%
verras
10%
d'vant
9%
entreprise
9%
shlass
8%
aujourd'hui
7%
qu'en
7%
KBIS
6%
l'alim
6%
temperature
6%
gris
5%
plastic
5%
tiens
4%
Aucun quiz correspondant
Distribution des résultats
% des personnes avec chaque résultat
Percentile par nombre de réponses
Votre historique - résultats
Vous n’avez pas pris ce quiz